Sports Quiz

Random Sports Quiz
Score 0/48 Timer 14:00
0 Plays Today
% Correct
Celtic
92.9%
Ludogorets
92.9%
Krasnodar
85.7%
Lazio
85.7%
Arsenal
85.7%
Rangers
85.7%
Young Boys
85.7%
Wolfsburg
85.7%
Espanyol
85.7%
Roma
85.7%
Borussia Monchengladbach
85.7%
SC Braga
85.7%
Manchester United
85.7%
Partizan
85.7%
Basel
78.6%
Trabzonspor
78.6%
Porto
78.6%
Istanbul Basaksehir
78.6%
AZ
78.6%
Astana
78.6%
Malmo
71.4%
Wolves
71.4%
Dudelange
64.3%
PSV
64.3%
% Correct
Besiktas
64.3%
Qarabag
57.1%
Dynamo Kyiv
57.1%
Getafe
57.1%
Cluj
57.1%
Rennes
57.1%
Standard Liege
57.1%
Eintracht Frankfurt
57.1%
Feyenoord
57.1%
Sevilla
50%
LASK
50%
Sporting CP
50%
Vitoria Guimaraes
50%
CSKA Moscow
50%
Saint Etienne
50%
Slovan Bratislava
50%
Apoel
42.9%
Rosenborg
42.9%
Ferencvaros
42.9%
Wolfsberger
42.9%
Gent
28.6%
Copenhague
21.4%
Lugano
21.4%
Oleksandria
21.4%

You're not logged in!

Compare scores with friends on all Sporcle quizzes.
OR
Log In

Sporcle TV

Today on Sporcle TV


Watch our educational content, quiz creation guides, and fun videos on Sporcle TV.

Show Comments

Extras

Created Sep 24, 2019ReportNominate
Tags:europa, league, League Team, team, UEFA

Top Quizzes Today


Score Distribution

Paid Content

Your Account Isn't Verified!

In order to create a playlist on Sporcle, you need to verify the email address you used during registration. Go to your Sporcle Settings to finish the process.

Report this User

Report this user for behavior that violates our Community Guidelines.

Details: